Statistics for Current Players of Bayern Munich

Click here to take the quiz!

General Stats

  • This quiz has been taken 279 times
  • The average score is 20 of 23

Answer Stats

Answer% Correct
Franck Ribéry
98%
Manuel Neuer
98%
Robert Lewandowski
98%
Thomas Müller
98%
Arjen Robben
96%
David Alaba
96%
Jérôme Boateng
94%
Kingsley Coman
94%
Mats Hummels
94%
Joshua Kimmich
93%
Arturo Vidal
92%
James Rodríguez
90%
Niklas Süle
89%
Corentin Tolisso
88%
Thiago Alcantara
87%
Sven Ulreich
86%
Javi Martínez
83%
Juan Bernat
76%
Rafinha
72%
Sandro Wagner
62%
Jupp Heynckes
60%
Sebastian Rudy
60%
Tom Starke
59%

Score Distribution

Percentile by Number Answered

Percent of People with Each Score

Your Score History

You have not taken this quiz